000
00264cam a22000977a 4500
008
180718b1998 xxu||||| |||| 00| 0 eng d
100
_a
Kumar, Narender
245
_a
Teen mahan krantikari
_c
by Narender Kumar
260
_a
delhi
_b
Sahitiya Mandir
_c
1998
300
_a
32p.
999
_c
440121
_d
440121